000 00402 a2200109 4500
001 ART_34079
005 20260410161821.0
008 260409a
245 1 0 _aAlgunos pronunciamientos jurisprudenciales de interés luego de 17 años de vigencia de la ley 24769
100 1 _aSemachowicz, Esteban D.
773 0 _tDoctrina Penal Tributaria y Económica
_g- Nº 37 (sep. 2015)
_wREV4317
999 _c22352
_d22352